El dil̀ogo entre los pueblos y las culturas en el marco de las relaciones eurolatinoamericanas las perspectivas de las entidades subestatales : el caso de Galicia /

Detalles Bibliográficos
Otros Autores: Molina del Pozo, Carlos Francisco (Conductor), Faią Medn̕, Andrš (Conductor)
Formato: Libro
Lenguaje:español
Publicado: Madrid : Ediciones Jurd̕icas DIJUSA, 2005.
Materias:
Acceso en línea:Acceso restringido

MARC

LEADER 00000cam a2200000 i 4500
005 20111003140242.0
008 070320s2005 sp || |1|| ||spa d
020 |a 8495748657 
035 |a 2582 
040 |a BUS  |d vLex 
090 |c 2595  |d 2595 
245 0 3 |a El dil̀ogo entre los pueblos y las culturas en el marco de las relaciones eurolatinoamericanas  |h [Recurso electrn̤ico] :  |b las perspectivas de las entidades subestatales : el caso de Galicia /  |c [directores de la obra] Carlos Francisco Molina del Pozo, Andrš Faią Medn̕ ; Jamile Bergamaschine Mata Diz (coordinadora) 
256 |a Servicio en ln̕ea. 
260 |a Madrid :  |b Ediciones Jurd̕icas DIJUSA,  |c 2005. 
300 |a 757 p. :  |b il. ;  |c 25 cm. 
500 |a Recoge los trabajos presentados al VI Congreso Eurolatinoamericano sobre Integracin̤, que tuvo lugar en Granada entre los dias 14 a 16 de abril de 2004. 
504 |a Incluye referencias bibliogrf̀icas. 
506 1 |a Contenido solo disponible en los productos indicados  |d vLex Global  |d vLex Global (Academic Edition, excluding Law Schools)  |d vLex Global (U.S. Academic Edition, Law Schools)  |d vLex Global (U.S. Academic Edition, excluding Law Schools)  |d vLex Global (Academic Edition, Law Schools) 
650 0 4 |a Regionalismo  |z Amřica Latina  |x Congresos. 
650 0 4 |a Regionalismo  |z Pas̕es de la Unin̤ Europea  |x Congresos. 
651 4 |a Amřica Latina  |x Integracin̤ econm̤ica  |x Congresos. 
651 4 |a Europa  |x Integracin̤ econm̤ica  |x Congresos. 
651 4 |a Amřica Latina  |x Relaciones  |z Pas̕es de la Unin̤ Europea  |x Congresos. 
651 4 |a Pas̕es de la Unin̤ Europea  |x Relaciones  |z Amřica Latina  |x Congresos. 
700 1 |a Molina del Pozo, Carlos Francisco,  |e dir. 
700 1 |a Faią Medn̕, Andrš,  |e dir. 
740 0 |a vLex Libros (Servicio en ln̕ea) 
856 4 0 |u http://vlex.com/source/dialogo-pueblos-culturas-marco-relaciones-latinoamericanas-2582  |z Acceso restringido 
942 |c BOOK